000 00806nam a2200217 a 4500
001 000019714
005 20200929170119.0
008 100702s1988 cu r 000 p spa d
040 _aDO-SdBNP
_bspa
_cBNPHU
082 _a831.7
_bW398p
100 1 _aWeerth, Georg,
_d1822-1856
_942161
245 1 0 _aPoesía y prosa de George Weerth /
_cselección y traducción Jorge A. Pomar Montalvo ; prólogo Rolando Álvarez Estévez.
260 _aLa Habana :
_bEditorial Arte y Literatura,
_c1988.
300 _a410 p. ;
_c19 cm.
504 _aIncluye referencias bibliográficas y notas al pie de las páginas
650 4 _aPoesía alemana
_98862
650 4 _aLiteratura alemana
_93274
700 1 _aPomar Montalvo, Jorge A.,
_etr.
_942162
700 1 _aÁlvarez Estévez, Rolando,
_epról
_942163
049 _aBNGR
999 _c19228
_d19228